[Event "EU-ch Hybrid U08"]
[Site "Tornelo INT"]
[Date "2021.10.15"]
[Round "2"]
[White "Dronov, Ivan And"]
[Black "Antonov, Vasil"]
[Result "1-0"]
[WhiteElo "1083"]
[BlackElo "1309"]
[PlyCount "57"]
[EventDate "2021.10.15"]
[EventType "swiss"]
[EventRounds "9"]
[EventCountry "NET"]
[SourceTitle "EXT 2023"]
[Source "ChessBase"]
[SourceDate "2022.10.05"]
[SourceVersion "1"]
[SourceVersionDate "2022.10.05"]
[SourceQuality "1"]
[WhiteTeam "Russia"]
[BlackTeam "Bulgaria"]
[WhiteTeamCountry "RUS"]
[BlackTeamCountry "BUL"]

1. e4 e5 2. Nf3 Nf6 3. Nc3 Bc5 4. Bc4 Ng4 5. 0-0 Nc6 6. d3 d6 7. h3 h5 8. Na4 a6 9. Nxc5 dxc5 10. a3 b5 11. Ba2 Bd7 12. Ng5 Qe7 13. Bxf7+ Kd8 14. Ba2 Kc8 15. Nf3 Kb7 16. Bg5 Qf7 17. Bxf7 Rhf8 18. Bd5 Kb6 19. Bxc6 Bxc6 20. hxg4 hxg4 21. Nxe5 Rh8 22. Qxg4 Rh7 23. Qe6 Rah8 24. Qxc6+ Ka7 25. Qxc7+ Ka8 26. f3 Rh1+ 27. Kf2 R1h5 28. Nc6 Rc8 29. Qa7# 1-0

[Event "EU-ch Hybrid U08"]
[Site "Tornelo INT"]
[Date "2021.10.15"]
[Round "1"]
[White "Yardak, Murat Kutay"]
[Black "Dronov, Ivan And"]
[Result "0-1"]
[WhiteElo "1624"]
[BlackElo "1083"]
[PlyCount "134"]
[EventDate "2021.10.15"]
[EventType "swiss"]
[EventRounds "9"]
[EventCountry "NET"]
[SourceTitle "EXT 2023"]
[Source "ChessBase"]
[SourceDate "2022.10.05"]
[SourceVersion "1"]
[SourceVersionDate "2022.10.05"]
[SourceQuality "1"]
[WhiteTeam "Turkey"]
[BlackTeam "Russia"]
[WhiteTeamCountry "TUR"]
[BlackTeamCountry "RUS"]

1. e4 e6 2. d4 d5 3. Nc3 Bb4 4. e5 Bxc3+ 5. bxc3 c5 6. Nf3 Nc6 7. Be2 Nge7 8. 0-0 0-0 9. Be3 Qc7 10. Qd2 Bd7 11. Nh4 Qa5 12. Nf3 cxd4 13. cxd4 Qxd2 14. Nxd2 Nf5 15. c3 Rfc8 16. Nb3 b6 17. Rfc1 h6 18. g4 Nxe3 19. fxe3 Ne7 20. Bd3 g6 21. Nd2 Rc7 22. a3 Ba4 23. Ra2 b5 24. Nb1 a6 25. Rf2 Nc8 26. h4 Nb6 27. h5 g5 28. Rcf1 Bb3 29. Rf6 Kg7 30. Rc1 Na4 31. Nd2 Bc4 32. Bxc4 bxc4 33. e4 Rd8 34. exd5 Rxd5 35. Ne4 Rb7 36. Rcf1 Rdd7 37. R1f3 Nb2 38. Nc5 Ra7 39. Nxd7 Rxd7 40. Rf1 Na4 41. R6f3 Rb7 42. Kf2 Rb3 43. Ke1 Rb7 44. Kd2 Kg8 45. Rf6 Kg7 46. Kc2 Rb2+ 47. Kc1 Rb7 48. R1f3 Ra7 49. Kc2 Rb7 50. d5 exd5 51. Rxa6 Nc5 52. Rd6 Nd3 53. Rxd5 Ne1+ 54. Kc1 Nxf3 55. a4 Ra7 56. a5 Nh2 57. Kd2 Nxg4 58. Ke2 Re7 59. a6 Nxe5 60. Kd2 Rd7 61. Rxd7 Nxd7 62. Ke3 Kf6 63. Kd4 g4 64. a7 Nb6 65. Ke4 Kg5 66. Ke5 g3 67. Kd6 g2 0-1